[Event "HUN-ch Rapid 2019"]
[Site "Ajka"]
[Date "2019.07.19"]
[Round "2.15"]
[White "Horvath, Peter"]
[Black "Szinavel, Zsolt"]
[Result "1-0"]
[WhiteElo "2418"]
[BlackElo "2130"]
[Annotator "NA"]
[PlyCount "73"]
[EventDate "2019.07.18"]
[EventType "swiss"]
[EventCountry "HUN"]
[SourceTitle "playchess.com"]
[Source "ChessBase"]
[SourceQuality "1"]
[TimeControl "1200+5"]

1. d4 {[%emt 0:00:03]} c6 {[%emt 0:00:12]} 2. Nf3 {[%emt 0:00:09]} d5 {[%emt 0:00:09]} 3. c4 {[%emt 0:00:09]} Nf6 {[%emt 0:00:13]} 4. Nc3 {[%emt 0:00:06]} g6 {[%emt 0:00:46]} 5. Bf4 {[%emt 0:00:39]} Bg7 {[%emt 0:00:28]} 6. e3 {[%emt 0:00:22]} O-O {[%emt 0:00:09]} 7. h3 {[%emt 0:00:17]} Nbd7 {[%emt 0:01:48]} 8. Be2 {[%emt 0:01:00]} dxc4 {[%emt 0:00:42]} 9. Bxc4 {[%emt 0:00:08]} Nb6 {[%emt 0:00:21]} 10. Bb3 {[%emt 0:00:21]} Nbd5 {[%emt 0:00:29]} 11. Be5 {[%emt 0:00:31]} Qa5 {[%emt 0:00:31]} 12. Rc1 {[%emt 0:00:59]} Ne4 {[%emt 0:00:52]} 13. O-O {[%emt 0:00:32]} Nexc3 {[%emt 0:02:20]} 14. bxc3 {[%emt 0:00:03]} Be6 {[%emt 0:01:01]} 15. e4 {[%emt 0:00:47]} Nc7 {[%emt 0:00:53]} 16. Bxc7 {[%emt 0:00:35]} Qxc7 {[%emt 0:00:04]} 17. Bxe6 {[%emt 0:00:02]} fxe6 {[%emt 0:00:01]} 18. Qb3 {[%emt 0:00:54]} Qd7 {[%emt 0:02:35]} 19. Ng5 {[%emt 0:01:36]} Bh6 {[%emt 0:00:47]} 20. Nxe6 {[%emt 0:00:41]} Rf7 {[%emt 0:00:28]} 21. Rce1 {[%emt 0:01:45]} b6 {[%emt 0:00:28]} 22. f4 {[%emt 0:01:23]} a5 {[%emt 0:00:24]} 23. f5 {[%emt 0:01:54]} a4 {[%emt 0:01:11]} 24. Qxb6 {[%emt 0:00:51]} Bd2 {[%emt 0:00:33]} 25. Re2 {[%emt 0:00:02]} Bxc3 {[%emt 0:00:11]} 26. Qc5 {[%emt 0:00:10]} Ba5 {[%emt 0:00:13]} 27. Qc4 {[%emt 0:00:26]} Kh8 {[%emt 0:02:12]} 28. Ref2 {[%emt 0:00:07]} Bb6 {[%emt 0:00:32]} 29. Kh1 {[%emt 0:00:27]} Rf6 {[%emt 0:00:16]} 30. g4 {[%emt 0:00:30]} gxf5 {[%emt 0:00:10]} 31. gxf5 {[%emt 0:00:06]} Rg8 {[%emt 0:00:17]} 32. Rg2 {[%emt 0:01:10]} Rxg2 {[%emt 0:00:09]} 33. Kxg2 {[%emt 0:00:01]} Qe8 {[%emt 0:00:14]} 34. Rf4 {[%emt 0:00:41]} Rh6 {[%emt 0:00:55]} 35. Rg4 {[%emt 0:00:08]} Qf7 {[%emt 0:00:14]} 36. Qxc6 {[%emt 0:00:25]} Bxd4 {[%emt 0:00:04]} 37. Qc8+ 1-0

[Event "HUN-ch Rapid 2019"]
[Site "Ajka"]
[Date "2019.07.19"]
[Round "2.16"]
[White "Laza, Szabolcs"]
[Black "Videki, Sandor"]
[Result "0-1"]
[WhiteElo "2185"]
[BlackElo "2401"]
[Annotator "NA"]
[PlyCount "80"]
[EventDate "2019.07.18"]
[EventType "swiss"]
[EventCountry "HUN"]
[SourceTitle "playchess.com"]
[Source "ChessBase"]
[SourceQuality "1"]
[TimeControl "1200+5"]

1. d4 {[%emt 0:00:03]} d5 {[%emt 0:00:12]} 2. c4 {[%emt 0:00:02]} c6 {[%emt 0:00:01]} 3. cxd5 {[%emt 0:00:05]} cxd5 {[%emt 0:00:01]} 4. Bf4 {[%emt 0:00:01]} Nc6 {[%emt 0:00:02]} 5. e3 {[%emt 0:00:07]} Nf6 {[%emt 0:00:09]} 6. Nc3 {[%emt 0:00:04]} a6 {[%emt 0:00:09]} 7. Rc1 {[%emt 0:00:03]} Bf5 {[%emt 0:00:10]} 8. Nf3 {[%emt 0:00:41]} e6 {[%emt 0:00:19]} 9. Bd3 {[%emt 0:00:12]} Bxd3 {[%emt 0:00:13]} 10. Qxd3 {[%emt 0:00:02]} Be7 {[%emt 0:00:07]} 11. O-O {[%emt 0:00:04]} Nh5 {[%emt 0:00:10]} 12. Be5 {[%emt 0:00:38]} f6 {[%emt 0:00:39]} 13. Bg3 {[%emt 0:00:02]} Nxg3 {[%emt 0:02:34]} 14. hxg3 {[%emt 0:00:03]} O-O {[%emt 0:00:03]} 15. e4 {[%emt 0:00:50]} Qd7 {[%emt 0:00:34]} 16. exd5 {[%emt 0:01:58]} exd5 {[%emt 0:00:01]} 17. Nh4 {[%emt 0:00:36]} Rfe8 {[%emt 0:01:16]} 18. Nf5 {[%emt 0:01:36]} Bb4 {[%emt 0:00:04]} 19. Ne3 {[%emt 0:02:35]} Bxc3 {[%emt 0:00:06]} 20. Qxc3 {[%emt 0:00:10]} Re4 {[%emt 0:00:30]} 21. Rfd1 {[%emt 0:00:21]} Rd8 {[%emt 0:00:02]} 22. Qc5 {[%emt 0:00:47]} Ne7 {[%emt 0:00:41]} 23. Qc7 {[%emt 0:00:29]} Nc6 {[%emt 0:00:19]} 24. Qb6 {[%emt 0:00:17]} Qe7 {[%emt 0:02:09]} 25. Nf5 {[%emt 0:03:14]} Qd7 {[%emt 0:00:03]} 26. Ne3 {[%emt 0:00:15]} Qe7 {[%emt 0:00:09]} 27. Nf5 {[%emt 0:00:01]} Qd7 {[%emt 0:00:01]} 28. Ne3 {[%emt 0:00:01]} Qe8 {[%emt 0:01:32]} 29. Qxb7 {[%emt 0:00:27]} Rxe3 {[%emt 0:02:38]} 30. Qxc6 {[%emt 0:01:19]} Re2 {[%emt 0:01:35]} 31. Qb7 {[%emt 0:01:48]} Qb5 {[%emt 0:00:32]} 32. Rc7 {[%emt 0:00:21]} Qxb7 {[%emt 0:00:17]} 33. Rxb7 {[%emt 0:00:01]} Rc8 {[%emt 0:00:02]} 34. Rd3 {[%emt 0:01:15]} Rc1+ {[%emt 0:00:41]} 35. Kh2 {[%emt 0:00:01]} h5 {[%emt 0:01:41]} 36. Re3 {[%emt 0:01:04]} Rxf2 {[%emt 0:00:28]} 37. Ree7 {[%emt 0:00:10]} Rff1 {[%emt 0:00:18]} 38. Rxg7+ {[%emt 0:00:07]} Kf8 {[%emt 0:00:02]} 39. g4 {[%emt 0:00:21]} h4 {[%emt 0:00:10]} 40. g3 {[%emt 0:00:34]} Rc2+ {[%emt 0:00:29]} 0-1

[Event "HUN-ch Rapid 2019"]
[Site "Ajka"]
[Date "2019.07.19"]
[Round "2.17"]
[White "Farago, Ivan"]
[Black "Bognar, Csaba"]
[Result "1-0"]
[WhiteElo "2350"]
[BlackElo "2166"]
[Annotator "NA"]
[PlyCount "83"]
[EventDate "2019.07.18"]
[EventType "swiss"]
[EventCountry "HUN"]
[SourceTitle "playchess.com"]
[Source "ChessBase"]
[SourceQuality "1"]
[TimeControl "1200+5"]

1. d4 {[%emt 0:00:03]} Nf6 {[%emt 0:00:01]} 2. c4 {[%emt 0:00:01]} g6 {[%emt 0:00:02]} 3. Nc3 {[%emt 0:00:02]} Bg7 {[%emt 0:00:01]} 4. e4 {[%emt 0:00:02]} d6 {[%emt 0:00:02]} 5. Be2 {[%emt 0:00:02]} O-O {[%emt 0:00:03]} 6. Bg5 {[%emt 0:00:01]} h6 {[%emt 0:00:05]} 7. Be3 {[%emt 0:00:06]} e5 {[%emt 0:00:13]} 8. d5 {[%emt 0:00:03]} Nbd7 {[%emt 0:00:16]} 9. Qd2 {[%emt 0:00:06]} Kh7 {[%emt 0:00:16]} 10. h4 {[%emt 0:00:09]} Nc5 {[%emt 0:01:08]} 11. f3 {[%emt 0:00:03]} Nh5 {[%emt 0:00:20]} 12. g4 {[%emt 0:01:13]} Ng3 {[%emt 0:00:13]} 13. Rh2 {[%emt 0:00:04]} f5 {[%emt 0:01:37]} 14. h5 {[%emt 0:00:14]} f4 {[%emt 0:00:16]} 15. hxg6+ {[%emt 0:00:07]} Kxg6 {[%emt 0:00:03]} 16. Bf2 {[%emt 0:00:24]} Nxe2 {[%emt 0:01:58]} 17. Ngxe2 {[%emt 0:00:09]} Bf6 {[%emt 0:00:14]} 18. O-O-O {[%emt 0:00:05]} Bd7 {[%emt 0:00:31]} 19. Rdh1 {[%emt 0:00:14]} Rh8 {[%emt 0:00:03]} 20. Bh4 {[%emt 0:00:34]} Kf7 {[%emt 0:02:46]} 21. Kb1 {[%emt 0:00:31]} Rh7 {[%emt 0:00:55]} 22. Nc1 {[%emt 0:01:02]} Qe7 {[%emt 0:00:50]} 23. Nb5 {[%emt 0:01:09]} Bxb5 {[%emt 0:01:32]} 24. cxb5 {[%emt 0:00:02]} a6 {[%emt 0:00:02]} 25. Bxf6 {[%emt 0:00:29]} Qxf6 {[%emt 0:00:02]} 26. Rh5 {[%emt 0:00:02]} Ke7 {[%emt 0:00:45]} 27. bxa6 {[%emt 0:00:14]} bxa6 {[%emt 0:00:52]} 28. Qh2 {[%emt 0:00:29]} Rah8 {[%emt 0:00:20]} 29. g5 {[%emt 0:00:24]} Qg6 {[%emt 0:00:06]} 30. Rxh6 {[%emt 0:01:31]} Rxh6 {[%emt 0:00:07]} 31. gxh6 {[%emt 0:00:01]} Rh7 {[%emt 0:01:27]} 32. Nb3 {[%emt 0:01:32]} Nd7 {[%emt 0:02:47]} 33. Na5 {[%emt 0:00:19]} Nf6 {[%emt 0:00:01]} 34. Nc6+ {[%emt 0:00:30]} Kf8 {[%emt 0:00:26]} 35. Qh3 {[%emt 0:02:05]} Nxd5 {[%emt 0:00:10]} 36. Qc8+ {[%emt 0:02:34]} Kf7 {[%emt 0:00:02]} 37. Ka1 {[%emt 0:00:43]} Rxh6 {[%emt 0:00:27]} 38. Rc1 {[%emt 0:00:56]} Ne7 {[%emt 0:01:38]} 39. Nxe7 {[%emt 0:00:24]} Kxe7 {[%emt 0:00:02]} 40. Rxc7+ {[%emt 0:00:21]} Kf6 {[%emt 0:00:07]} 41. Qd8+ {[%emt 0:00:04]} Ke6 {[%emt 0:00:09]} 42. Qe7# 1-0

[Event "HUN-ch Rapid 2019"]
[Site "Ajka"]
[Date "2019.07.19"]
[Round "2.18"]
[White "Horvath, Csaba"]
[Black "Jakab, Attila"]
[Result "0-1"]
[WhiteElo "2503"]
[BlackElo "2377"]
[Annotator "ChessBase"]
[PlyCount "78"]
[EventDate "2019.07.18"]
[EventType "swiss"]
[EventCountry "HUN"]
[SourceTitle "playchess.com"]
[Source "ChessBase"]
[SourceQuality "1"]
[TimeControl "1200+5"]

1. e4 {[%emt 0:00:04]} c5 {[%emt 0:00:02]} 2. Nf3 {[%emt 0:00:02]} g6 {[%emt 0:00:02]} 3. d4 {[%emt 0:00:02]} Bg7 {[%emt 0:00:02]} 4. c4 {[%emt 0:00:04]} Qb6 {[%emt 0:00:02]} 5. Nc3 {[%emt 0:00:22]} cxd4 {[%emt 0:00:02]} 6. Nd5 {[%emt 0:00:44]} Qa5+ {[%emt 0:00:03]} 7. b4 {[%emt 0:01:34]} Qd8 {[%emt 0:00:02]} 8. Bb2 {[%emt 0:01:13]} e5 {[%emt 0:00:28]} 9. Bd3 {[%emt 0:01:09]} Ne7 {[%emt 0:00:06]} 10. O-O {[%emt 0:00:23]} d6 {[%emt 0:00:13]} 11. Rc1 {[%emt 0:00:10]} O-O {[%emt 0:00:14]} 12. Qb3 {[%emt 0:00:38]} Nbc6 {[%emt 0:00:17]} 13. Ba3 {[%emt 0:00:32]} Re8 {[%emt 0:02:28]} 14. Rc2 {[%emt 0:00:23]} h6 {[%emt 0:00:10]} 15. Rfc1 {[%emt 0:00:18]} Kh8 {[%emt 0:00:19]} 16. Nd2 {[%emt 0:00:10]} Be6 {[%emt 0:01:33]} 17. f3 {[%emt 0:00:12]} Ng8 {[%emt 0:00:51]} 18. Qa4 {[%emt 0:00:59]} Bf8 {[%emt 0:01:14]} 19. b5 {[%emt 0:00:41]} Nce7 {[%emt 0:00:29]} 20. Nb3 {[%emt 0:02:21]} Nc8 {[%emt 0:00:33]} 21. Bb4 {[%emt 0:01:39]} a5 {[%emt 0:02:05]} 22. Bd2 {[%emt 0:02:46]} b6 {[%emt 0:01:21]} 23. Nb4 {[%emt 0:00:19]} Nce7 {[%emt 0:00:22]} 24. Nd5 {[%emt 0:00:22]} Rb8 {[%emt 0:00:29]} 25. Be1 {[%emt 0:00:07]} Qd7 {[%emt 0:00:27]} 26. Qa3 {[%emt 0:00:13]} f5 {[%emt 0:00:19]} 27. f4 {[%emt 0:00:35]} fxe4 {[%emt 0:00:24]} 28. Bxe4 {[%emt 0:00:03]} Bf5 {[%emt 0:00:15]} 29. Nd2 {[%emt 0:00:20]} Bg7 {[%emt 0:00:55]} 30. Qd3 {[%emt 0:00:02]} Nf6 {[%emt 0:00:08]} 31. Nxe7 {[%emt 0:01:31]} Rxe7 {[%emt 0:00:11]} 32. Bh4 {[%emt 0:00:27]} Nxe4 {[%emt 0:00:37]} 33. Nxe4 {[%emt 0:00:28]} Re6 {[%emt 0:00:21]} 34. Re2 {[%emt 0:01:09]} Rbe8 {[%emt 0:00:33]} 35. Rce1 {[%emt 0:00:09]} d5 {[%emt 0:00:31]} 36. cxd5 {[%emt 0:00:03]} Qxd5 {[%emt 0:00:02]} 37. Nc3 {[%emt 0:00:22]} Bxd3 {[%emt 0:00:12]} 38. Nxd5 {[%emt 0:00:02]} Bxe2 {[%emt 0:00:02]} 39. Nc7 {[%emt 0:00:01]} d3 {[%emt 0:00:06]} 0-1

[Event "HUN-ch Rapid 2019"]
[Site "Ajka"]
[Date "2019.07.19"]
[Round "2.19"]
[White "Popovics, Adam"]
[Black "Karacsonyi, Gellert"]
[Result "1-0"]
[WhiteElo "2365"]
[BlackElo "2315"]
[Annotator "NA"]
[PlyCount "111"]
[EventDate "2019.07.18"]
[EventType "swiss"]
[EventCountry "HUN"]
[SourceTitle "playchess.com"]
[Source "ChessBase"]
[SourceQuality "1"]
[TimeControl "1200+5"]

1. d4 {[%emt 0:00:03]} Nf6 {[%emt 0:00:02]} 2. c4 {[%emt 0:00:04]} e6 {[%emt 0:00:01]} 3. Nc3 {[%emt 0:00:04]} Bb4 {[%emt 0:00:01]} 4. Qc2 {[%emt 0:00:03]} O-O {[%emt 0:00:04]} 5. Nf3 {[%emt 0:00:03]} d5 {[%emt 0:00:02]} 6. cxd5 {[%emt 0:00:08]} Bxc3+ {[%emt 0:00:46]} 7. bxc3 {[%emt 0:00:12]} exd5 {[%emt 0:00:03]} 8. Bg5 {[%emt 0:00:15]} c5 {[%emt 0:01:16]} 9. e3 {[%emt 0:00:07]} cxd4 {[%emt 0:00:04]} 10. cxd4 {[%emt 0:00:19]} Bg4 {[%emt 0:01:31]} 11. Nd2 {[%emt 0:02:45]} h6 {[%emt 0:01:35]} 12. Bxf6 {[%emt 0:01:32]} Qxf6 {[%emt 0:00:03]} 13. Bd3 {[%emt 0:00:05]} Nc6 {[%emt 0:00:21]} 14. Qb2 {[%emt 0:00:11]} Bf5 {[%emt 0:04:45]} 15. Be2 {[%emt 0:00:17]} b6 {[%emt 0:01:46]} 16. O-O {[%emt 0:00:23]} Rac8 {[%emt 0:00:03]} 17. Rac1 {[%emt 0:00:08]} Qd6 {[%emt 0:00:57]} 18. Rc3 {[%emt 0:01:13]} Qb4 {[%emt 0:00:35]} 19. Rb3 {[%emt 0:00:21]} Qd6 {[%emt 0:00:04]} 20. Ba6 {[%emt 0:00:19]} Rc7 {[%emt 0:00:24]} 21. Rc3 {[%emt 0:00:19]} Nb8 {[%emt 0:01:31]} 22. Rxc7 {[%emt 0:00:35]} Qxc7 {[%emt 0:00:01]} 23. Rc1 {[%emt 0:00:01]} Qd6 {[%emt 0:00:02]} 24. Bb5 {[%emt 0:00:25]} Rc8 {[%emt 0:00:12]} 25. Rxc8+ {[%emt 0:00:49]} Bxc8 {[%emt 0:00:02]} 26. Qc3 {[%emt 0:00:03]} Bd7 {[%emt 0:00:12]} 27. Bd3 {[%emt 0:00:37]} Qc6 {[%emt 0:00:20]} 28. Qa3 {[%emt 0:00:26]} Qc7 {[%emt 0:01:07]} 29. Nf3 {[%emt 0:01:10]} Nc6 {[%emt 0:00:07]} 30. h3 {[%emt 0:00:19]} a5 {[%emt 0:00:21]} 31. Qb2 {[%emt 0:01:34]} Nb4 {[%emt 0:00:13]} 32. Bb1 {[%emt 0:00:03]} b5 {[%emt 0:00:42]} 33. Ne5 {[%emt 0:00:29]} f6 {[%emt 0:00:47]} 34. Nxd7 {[%emt 0:00:14]} Qxd7 {[%emt 0:00:01]} 35. a3 {[%emt 0:00:17]} Na6 {[%emt 0:00:04]} 36. Qc3 {[%emt 0:01:09]} b4 {[%emt 0:00:04]} 37. Qd3 {[%emt 0:00:04]} Qc6 {[%emt 0:00:19]} 38. axb4 {[%emt 0:00:24]} Nxb4 {[%emt 0:00:11]} 39. Qh7+ {[%emt 0:00:13]} Kf8 {[%emt 0:00:01]} 40. Qh8+ {[%emt 0:00:07]} Kf7 {[%emt 0:00:01]} 41. Bh7 {[%emt 0:00:05]} Qc1+ {[%emt 0:00:40]} 42. Kh2 {[%emt 0:00:02]} Qc7+ {[%emt 0:00:02]} 43. f4 {[%emt 0:00:17]} Ke6 {[%emt 0:00:22]} 44. Qf8 {[%emt 0:00:20]} Qe7 {[%emt 0:00:20]} 45. Qb8 {[%emt 0:00:32]} Kd7 {[%emt 0:00:52]} 46. Qa7+ {[%emt 0:00:29]} Kd6 {[%emt 0:00:42]} 47. Qc5+ {[%emt 0:00:37]} Ke6 {[%emt 0:00:04]} 48. Qxa5 {[%emt 0:00:14]} g5 {[%emt 0:00:10]} 49. Bg8+ {[%emt 0:00:49]} Kf5 {[%emt 0:00:01]} 50. Bxd5 {[%emt 0:00:09]} gxf4 {[%emt 0:00:03]} 51. Bf3+ {[%emt 0:00:16]} Kg6 {[%emt 0:00:07]} 52. Qh5+ {[%emt 0:00:13]} Kg7 {[%emt 0:00:04]} 53. Qg4+ {[%emt 0:00:01]} Kh7 {[%emt 0:00:09]} 54. Qxf4 {[%emt 0:00:04]} Qf7 {[%emt 0:00:07]} 55. d5 {[%emt 0:00:05]} Kg7 {[%emt 0:00:05]} 56. Qxb4 {[%emt 0:00:02]} 1-0

[Event "HUN-ch Rapid 2019"]
[Site "Ajka"]
[Date "2019.07.19"]
[Round "2.20"]
[White "Hoang, Thanh Trang"]
[Black "Margl, Roland"]
[Result "1-0"]
[WhiteElo "2414"]
[BlackElo "2264"]
[Annotator "NA"]
[PlyCount "117"]
[EventDate "2019.07.18"]
[EventType "swiss"]
[EventCountry "HUN"]
[SourceTitle "playchess.com"]
[Source "ChessBase"]
[SourceQuality "1"]
[TimeControl "1200+5"]

1. d4 {[%emt 0:00:03]} d5 {[%emt 0:00:01]} 2. Nf3 {[%emt 0:00:06]} Nf6 {[%emt 0:00:03]} 3. Bf4 {[%emt 0:00:08]} g6 {[%emt 0:00:06]} 4. e3 {[%emt 0:00:09]} Bg7 {[%emt 0:00:04]} 5. Bd3 {[%emt 0:01:06]} O-O {[%emt 0:00:17]} 6. Nbd2 {[%emt 0:00:15]} c5 {[%emt 0:00:20]} 7. c3 {[%emt 0:00:05]} b6 {[%emt 0:00:19]} 8. O-O {[%emt 0:00:25]} Nc6 {[%emt 0:00:05]} 9. h3 {[%emt 0:00:13]} Bb7 {[%emt 0:00:17]} 10. Qe2 {[%emt 0:01:00]} Nd7 {[%emt 0:00:46]} 11. Rfd1 {[%emt 0:01:15]} Re8 {[%emt 0:01:54]} 12. Bb5 {[%emt 0:01:54]} a6 {[%emt 0:02:02]} 13. Ba4 {[%emt 0:00:39]} b5 {[%emt 0:02:55]} 14. Bb3 {[%emt 0:00:02]} cxd4 {[%emt 0:00:06]} 15. exd4 {[%emt 0:01:22]} Na5 {[%emt 0:01:42]} 16. Ne5 {[%emt 0:00:26]} Nc4 {[%emt 0:00:22]} 17. Rab1 {[%emt 0:00:31]} f6 {[%emt 0:01:09]} 18. Nxd7 {[%emt 0:03:51]} Qxd7 {[%emt 0:00:02]} 19. Nf3 {[%emt 0:00:04]} a5 {[%emt 0:02:54]} 20. Ne1 {[%emt 0:00:57]} e5 {[%emt 0:00:28]} 21. dxe5 {[%emt 0:00:23]} fxe5 {[%emt 0:00:02]} 22. Bg3 {[%emt 0:00:14]} Rac8 {[%emt 0:00:24]} 23. a4 {[%emt 0:00:12]} Qc6 {[%emt 0:00:54]} 24. Qc2 {[%emt 0:01:06]} Nb6 {[%emt 0:00:21]} 25. axb5 {[%emt 0:00:16]} Qxb5 {[%emt 0:00:02]} 26. Ra1 {[%emt 0:00:19]} Bc6 {[%emt 0:00:46]} 27. Nf3 {[%emt 0:00:14]} a4 {[%emt 0:00:52]} 28. Ba2 {[%emt 0:00:05]} Nc4 {[%emt 0:00:06]} 29. Bxc4 {[%emt 0:01:03]} Qxc4 {[%emt 0:00:09]} 30. Re1 {[%emt 0:00:01]} e4 {[%emt 0:00:25]} 31. Nd2 {[%emt 0:00:10]} Qc5 {[%emt 0:00:01]} 32. Bf4 {[%emt 0:00:55]} Bb5 {[%emt 0:00:36]} 33. Qd1 {[%emt 0:00:06]} h6 {[%emt 0:00:34]} 34. Be3 {[%emt 0:00:15]} Qf8 {[%emt 0:00:06]} 35. Nxe4 {[%emt 0:00:17]} dxe4 {[%emt 0:00:51]} 36. Qd5+ {[%emt 0:00:01]} Qf7 {[%emt 0:00:01]} 37. Qxb5 {[%emt 0:00:03]} Rb8 {[%emt 0:00:01]} 38. Qxa4 {[%emt 0:00:46]} Rxb2 {[%emt 0:00:01]} 39. Rac1 {[%emt 0:00:07]} Ra2 {[%emt 0:00:39]} 40. Qc6 {[%emt 0:00:12]} Re6 {[%emt 0:00:08]} 41. Qd5 {[%emt 0:00:08]} Raa6 {[%emt 0:00:19]} 42. Red1 {[%emt 0:00:23]} Rac6 {[%emt 0:00:08]} 43. c4 {[%emt 0:00:06]} Kh7 {[%emt 0:00:08]} 44. c5 {[%emt 0:00:07]} Qe7 {[%emt 0:00:07]} 45. Qd7 {[%emt 0:00:18]} Qxd7 {[%emt 0:00:04]} 46. Rxd7 {[%emt 0:00:01]} Kg8 {[%emt 0:00:02]} 47. Rb1 {[%emt 0:00:07]} Rc8 {[%emt 0:00:08]} 48. Rbb7 {[%emt 0:00:20]} Bf8 {[%emt 0:00:02]} 49. Rbc7 {[%emt 0:00:18]} Rc6 {[%emt 0:00:06]} 50. Rxc8 {[%emt 0:00:15]} Rxc8 {[%emt 0:00:01]} 51. Rd5 {[%emt 0:00:03]} Kf7 {[%emt 0:00:04]} 52. Re5 {[%emt 0:00:03]} Kf6 {[%emt 0:00:10]} 53. Rxe4 {[%emt 0:00:04]} Rc6 {[%emt 0:00:07]} 54. Kf1 {[%emt 0:00:06]} h5 {[%emt 0:00:01]} 55. Ke2 {[%emt 0:00:02]} Kf5 {[%emt 0:00:04]} 56. f3 {[%emt 0:00:07]} Ra6 {[%emt 0:00:01]} 57. Rf4+ {[%emt 0:00:09]} Ke5 {[%emt 0:00:05]} 58. Rxf8 {[%emt 0:00:03]} Ra2+ {[%emt 0:00:01]} 59. Bd2 {[%emt 0:00:01]} 1-0

[Event "HUN-ch Rapid 2019"]
[Site "Ajka"]
[Date "2019.07.19"]
[Round "3.1"]
[White "Horvath, Peter"]
[Black "Almasi, Zoltan"]
[Result "0-1"]
[WhiteElo "2418"]
[BlackElo "2687"]
[Annotator "TA"]
[PlyCount "94"]
[EventDate "2019.07.18"]
[EventType "swiss"]
[EventCountry "HUN"]
[SourceTitle "playchess.com"]
[Source "ChessBase"]
[SourceQuality "1"]

{[%evp 9,94,-5,4,4,20,0,0,0,0,-8,0,0,7,-5,-9,-10,-22,-13,-14,-13,22,22,18,12,40,14,18,12,32,-33,-19,-6,-6,-47,-50,-40,-39,-41,-43,-58,-40,-43,-45,-57,-40,-47,-47,-47,-45,-50,-50,-54,-28,-58,-35,-141,-138,-152,-124,-162,-111,-256,-123,-125,-128,-120,-124,-120,-108,-110,0,0,0,0,0,0,0,0,0,-533,-483,-610,-619,-519,-514,-4898,-467]} 1. d4 Nf6 2. Nf3 b6 3. Bg5 Bb7 4. Nbd2 g6 5. Bxf6 exf6 6. e4 {A47: 1 d4 Nf6 2 Nf3 b6: Torre, London and Colle Systems} Bh6 7. Bd3 O-O 8. O-O {The position is equal.} d5 $146 ({Predecessor:} 8... Re8 9. Re1 d6 10. a4 a5 11. c3 Nd7 12. Qc2 Re7 {½-½ (44) Timman,J (2630)-Rozentalis,E (2650) Malmo 1997}) 9. Re1 Nd7 10. exd5 Bxd5 11. c4 Bb7 12. Be4 c6 13. b4 f5 14. Bc2 c5 15. bxc5 bxc5 16. d5 Nb6 {[%cal Bd7b6,Bb6c8,Bc8d6,Bd6e4][%mdl 32]} 17. Rb1 Ba6 18. Bb3 Qf6 19. a4 (19. Qc1 $14) 19... Qc3 20. a5 Nc8 21. Qc2 (21. Rc1 $5 {[%cal Rc1c3]} Qb4 22. Ba4 $11) 21... Qxc2 22. Bxc2 Nd6 23. Bd3 Rfe8 24. Kf1 Rab8 25. Rxe8+ Rxe8 26. Rb2 Ne4 27. g3 Nd6 28. Rb1 Bg7 29. Rb3 Bf6 30. Kg2 g5 31. h3 h5 32. Bf1 (32. Rb1 $15) 32... g4 33. hxg4 hxg4 34. Nh4 {[#]} f4 $1 {[%mdl 512]} 35. Bd3 (35. f3 $17) (35. gxf4 Bxh4) 35... Re1 (35... f3+ $19 36. Kg1 Re1+ 37. Kh2 Kg7) 36. Nf5 $17 Nxf5 37. Bxf5 {[#]} f3+ $1 38. Kh2 {[#]} Re2 $1 {[%csl LRd2,LRf2][%cal Re2f2][%mdl 64] Double Attack} 39. Ne4 Bd4 ({Black should try} 39... Kg7 $17 40. d6 Bxc4) 40. d6 Bxf2 41. Nxf2 ({Much worse is} 41. Rb8+ Kg7 $17) 41... Rxf2+ $11 {[%mdl 4096] Endgame KRB-KRB} 42. Kg1 Rg2+ 43. Kh1 {Threatens to win with d7.} Rd2 ({Don't blunder} 43... Rxg3 $2 44. d7 $18) 44. Bd3 $2 {[%mdl 8192]} (44. d7 $1 $11 Kf8 45. Rb8+ Ke7 46. Re8+ Kf6 47. d8=Q+ Rxd8 48. Rxd8 Kxf5 49. Kg1) 44... Bc8 {Black is clearly winning.} 45. Rb8 {Threatening mate with d7.} Rxd3 46. Rxc8+ Kg7 {( -> ...Rd1+)} 47. Rxc5 (47. Kg1 $142 Rxd6 48. Rxc5) 47... Rd1+ {Accuracy: White = 40%, Black = 55%.} 0-1